Manuel Artero al servicio de Huesca. (Record no. 183334)

MARC details
000 -LEADER
campo de control de longitud fija 00657nam a2200205 i 4500
001 - NÚMERO DE CONTROL
campo de control 183334
003 - IDENTIFICADOR DE NÚMERO DE CONTROL
campo de control ES-MaACL
005 - FECHA Y HORA DE LA ÚLTIMA TRANSACCIÓN
campo de control 20231102120316.0
008 - DATOS DE LONGITUD FIJA--INFORMACIÓN GENERAL
campo de control de longitud fija 140324s2012 sp |||| | spa d
080 ## - NÚMERO DE LA CLASIFICACIÓN DECIMAL UNIVERSAL
Número de la Clasificación Decimal Universal 929 Artero Bernad, Manuel
245 00 - MENCIÓN DEL TÍTULO
Título Manuel Artero al servicio de Huesca.
250 ## - MENCION DE EDICION
Mención de edición [1ª ed.].
260 ## - PUBLICACIÓN, DISTRIBUCIÓN, ETC.
Lugar de publicación, distribución, etc. Huesca :
Nombre del editor, distribuidor, etc. Instituto de Estudios Altoaragoneses,
Fecha de publicación, distribución, etc. 2012.
300 ## - DESCRIPCIÓN FÍSICA
Extensión 176 p. :
Otras características físicas il. ;
Dimensiones 24 cm.
504 ## - NOTA DE BIBLIOGRAFÍA, ETC.
Nota de bibliografía, etc. Referencias bibliográficas.
600 14 - PUNTO DE ACCESO ADICIONAL DE MATERIA--NOMBRE DE PERSONA
Nombre de persona Artero Bernad, Manuel (
Fechas asociadas al nombre 1910-1973)
9 (RLIN) 154610
852 ## - LOCALIZACIÓN
Ubicación ES-MaACL
Número de control de estantería A-13074
itemnumber 190273
Sublocalización o colección R.149935
Ubicación en estantería Depósito 1
Signatura antigua Olim: N-6074
942 ## - ELEMENTOS DE ENTRADA SECUNDARIOS (KOHA)
Fuente del sistema de clasificación o colocación Clasificación decimal universal
Tipo de ítem Koha Libro impreso
Holdings
Estatus retirado Estado de pérdida Fuente del sistema de clasificación o colocación Estado de daño No para préstamo Biblioteca de origen Biblioteca actual Ubicación en estantería Fecha de adquisición Fuente de adquisición Total de préstamos Signatura topográfica completa Código de barras Visto por última vez Precio de reemplazo Tipo de ítem Koha
    Clasificación decimal universal     Biblioteca del Ateneo de Madrid Biblioteca del Ateneo de Madrid Depósito 1 24/03/2014 Donación   A-13074 1192700 23/02/2023 23/02/2023 Libro impreso